Urbanistické, architektonické a technické aspekty obnovy vidieka II. Sekcia: Urbanistické aspekty obnovy vidieka : Zborník ref. z medzinár. konf., november 2002 /

Saved in:
Bibliographic Details
Main Author: Kerekeš, Juraj
Corporate Author: Zborník ref. z medzinár. konf
Format: Conference Proceeding Book
Language:Slovak
German
English
Published: Bratislava : Slovenská technická univerzita v Bratislave, 2002
Edition:[1. vyd.]
ISBN:8022718084
Online Access: Get full text
Tags: Add Tag
No Tags, Be the first to tag this record!

MARC

LEADER 00000nam a2200000 4500
003 SK-BrCVT
005 20220621155647.0
008 030302s2002 xo e ||||||slo d
020 |a 8022718084 
035 |a CVTIDW0967422 
040 |b slo  |a CVTI SR 
041 0 |a slo  |a ger  |a eng 
044 |a xo 
080 |a 711.3  |2 UDC-MRF 
080 |a 72  |2 UDC-MRF 
100 1 |a Kerekeš, Juraj  |9 11646 
111 0 |a Zborník ref. z medzinár. konf.  |f november 2002 
245 1 0 |a Urbanistické, architektonické a technické aspekty obnovy vidieka II. Sekcia: Urbanistické aspekty obnovy vidieka :  |b Zborník ref. z medzinár. konf., november 2002 /  |c Autori: Juraj Kerekeš a kol. 
250 |a [1. vyd.] 
260 |a Bratislava :  |b Slovenská technická univerzita v Bratislave,  |c 2002 
300 |a 37 s. :  |b fotogr., grafy, lit., obr., tab. ; 
692 |a LN DD JM MM 
910 |b A586078 
919 |a 80-227-1808-4 
974 |f Knihy 
992 |a AZN 
999 |c 125483  |d 125483